The Protestant Reformation and world Christianity : (Record no. 9584)
[ view plain ]
| 000 -LEADER | |
|---|---|
| fixed length control field | 01290cam a2200337 i 4500 |
| 001 - CONTROL NUMBER | |
| control field | 19574950 |
| 003 - CONTROL NUMBER IDENTIFIER | |
| control field | GBCCL |
| 005 - DATE AND TIME OF LATEST TRANSACTION | |
| control field | 20241126110715.0 |
| 008 - FIXED-LENGTH DATA ELEMENTS--GENERAL INFORMATION | |
| fixed length control field | 170328s2017 miu b 001 0 eng |
| 010 ## - | |
| -- | 2017008127 |
| 020 ## - INTERNATIONAL STANDARD BOOK NUMBER | |
| International Standard Book Number | 9780802873040 (pbk. : alk. paper) |
| 040 ## - CATALOGING SOURCE | |
| Original cataloging agency | DLC |
| Language of cataloging | eng |
| Transcribing agency | DLC |
| Description conventions | rda |
| Modifying agency | DLC |
| 042 ## - | |
| -- | pcc |
| 050 00 - | |
| -- | BR121.3 |
| -- | .P76 2017 |
| 082 00 - DEWEY DECIMAL CLASSIFICATION NUMBER | |
| Classification number | 270.6 |
| Edition information | 23 |
| Item number | PRO |
| 245 04 - TITLE STATEMENT | |
| Title | The Protestant Reformation and world Christianity : |
| Remainder of title | global perspectives / |
| Statement of responsibility, etc. | edited by Dale T. Irvin. |
| 264 #1 - PRODUCTION, PUBLICATION, DISTRIBUTION, MANUFACTURE, AND COPYRIGHT NOTICE | |
| Place of production, publication, distribution, manufacture | Grand Rapids, Michigan : |
| Name of producer, publisher, distributor, manufacturer | William B. Eerdmans Publishing Company, |
| Date of production, publication, distribution, manufacture, or copyright notice | [2017] |
| 300 ## - PHYSICAL DESCRIPTION | |
| Extent | xiii, 189 pages ; |
| Dimensions | 22 cm. |
| 336 ## - CONTENT TYPE | |
| Content type term | text |
| Content type code | txt |
| Source | rdacontent |
| 337 ## - MEDIA TYPE | |
| Media type term | unmediated |
| Media type code | n |
| Source | rdamedia |
| 338 ## - CARRIER TYPE | |
| Carrier type term | volume |
| Carrier type code | nc |
| Source | rdacarrier |
| 490 0# - SERIES STATEMENT | |
| Series statement | Reformation resources, 1517-2017 |
| 504 ## - BIBLIOGRAPHY, ETC. NOTE | |
| Bibliography, etc. note | Includes bibliographical references and index. |
| 650 #0 - SUBJECT ADDED ENTRY--TOPICAL TERM | |
| Topical term or geographic name entry element | Christianity |
| Chronological subdivision | 21st century. |
| 9 (RLIN) | 2406 |
| 650 #0 - SUBJECT ADDED ENTRY--TOPICAL TERM | |
| Topical term or geographic name entry element | Reformation. |
| 9 (RLIN) | 660 |
| 650 #0 - SUBJECT ADDED ENTRY--TOPICAL TERM | |
| Topical term or geographic name entry element | Protestantism. |
| 9 (RLIN) | 659 |
| 700 1# - ADDED ENTRY--PERSONAL NAME | |
| Personal name | Irvin, Dale T., |
| Dates associated with a name | 1955- |
| Relator term | editor. |
| 9 (RLIN) | 15568 |
| 906 ## - LOCAL DATA ELEMENT F, LDF (RLIN) | |
| a | 7 |
| b | cbc |
| c | orignew |
| d | 1 |
| e | ecip |
| f | 20 |
| g | y-gencatlg |
| 942 ## - ADDED ENTRY ELEMENTS (KOHA) | |
| Source of classification or shelving scheme | Dewey Decimal Classification |
| Koha item type | Books |
| Withdrawn status | Lost status | Source of classification or shelving scheme | Damaged status | Not for loan | Home library | Current Library | Shelving location | Date acquired | Total checkouts | Full call number | Barcode | Date last seen | Copy number | Price effective from | Koha item type |
|---|---|---|---|---|---|---|---|---|---|---|---|---|---|---|---|
| Dewey Decimal Classification | GRACE BIBLE COLLEGE | GRACE BIBLE COLLEGE | Church History | 2023-03-20 | 270.6 PRO | 016058 | 2025-05-01 | c.1 | 2023-03-20 | Books |